effect of split application of masinag organic liquitd fertilizer on growth of gorn at royal university of agriculture ប្រសិទ្ធភាពនៃជីសរីរាង្គម៉ាស៊ីនេកលើការលូតលាស់ដំណាំពោតចំណីសត្វនៅសាកលវិទ្យាល័យភូមិកសិកម្ម (Record no. 17743)
[ view plain ]
| 000 -LEADER | |
|---|---|
| fixed length control field | 00758nam a22001577a 4500 |
| 003 - CONTROL NUMBER IDENTIFIER | |
| control field | OSt |
| 005 - DATE AND TIME OF LATEST TRANSACTION | |
| control field | 20190122135748.0 |
| 008 - FIXED-LENGTH DATA ELEMENTS--GENERAL INFORMATION | |
| fixed length control field | 190122b xxu||||| |||| 00| 0 eng d |
| 040 ## - CATALOGING SOURCE | |
| Transcribing agency | RUA |
| 082 ## - DEWEY DECIMAL CLASSIFICATION NUMBER | |
| Classification number | AGR SOU 2016 B625 Or.01 |
| 100 ## - MAIN ENTRY--PERSONAL NAME | |
| 9 (RLIN) | 13402 |
| Personal name | SOU LY ស៊ូ លី |
| 245 ## - TITLE STATEMENT | |
| Title | effect of split application of masinag organic liquitd fertilizer on growth of gorn at royal university of agriculture ប្រសិទ្ធភាពនៃជីសរីរាង្គម៉ាស៊ីនេកលើការលូតលាស់ដំណាំពោតចំណីសត្វនៅសាកលវិទ្យាល័យភូមិកសិកម្ម |
| 260 ## - PUBLICATION, DISTRIBUTION, ETC. (IMPRINT) | |
| Place of publication, distribution, etc. | phnom penh |
| Name of publisher, distributor, etc. | RUA |
| Date of publication, distribution, etc. | 2016 |
| 300 ## - PHYSICAL DESCRIPTION | |
| Extent | viii,30 |
| Other physical details | ill, |
| Dimensions | 29cm, |
| 942 ## - ADDED ENTRY ELEMENTS (KOHA) | |
| Source of classification or shelving scheme | |
| Koha item type | AGR |
| Price effective from | Date last seen | Permanent Location | Not for loan | Date acquired | Source of classification or shelving scheme | Koha item type | Lost status | Withdrawn status | Date last checked out | Total Checkouts | Shelving location | Damaged status | Barcode | Current Location | Full call number |
|---|---|---|---|---|---|---|---|---|---|---|---|---|---|---|---|
| 2019-01-22 | 2025-11-11 | Library Block B | 2019-01-22 | AGR | 2025-10-27 | 1 | B625 | A33645 | Library Block B | AGR SOU 2016 B625 Or.01 | |||||
| 2019-01-22 | 2023-06-16 | Library Block B | 2019-01-22 | AGR | 2023-05-26 | 1 | B625 | A33510 | Library Block B | AGR SOU 2016 B625 Or.02 | |||||
| 2019-01-22 | 2020-10-09 | Library Block B | 2019-01-22 | AGR | 2020-10-02 | 2 | B625 | A33565 | Library Block B | AGR SOU 2016 B625 Or.03 | |||||
| 2019-01-22 | 2019-01-22 | Library Block B | 2019-01-22 | AGR | B625 | A33490 | Library Block B | AGR SOU 2016 B625 Or.04 | |||||||
| 2019-01-22 | 2024-11-19 | Library Block B | 2019-01-22 | AGR | 2024-10-24 | 1 | B625 | A33300 | Library Block B | AGR SOU 2016 B625 Or.05 | |||||
| 2019-01-22 | 2019-01-22 | Library Block B | 2019-01-22 | AGR | B625 | A33375 | Library Block B | AGR SOU 2016 B625 Or.06 |